[Event "Tatarstan-ch op"]
[Site "Kazan"]
[Date "2012.09.11"]
[Round "9"]
[White "Ioffe, Dmitry"]
[Black "Zaynutdinov, Iskander"]
[Result "1/2-1/2"]
[WhiteElo "2157"]
[BlackElo "1994"]
[PlyCount "79"]
[EventDate "2012.09.03"]
[EventType "swiss"]
[EventRounds "9"]
[EventCountry "RUS"]
[SourceTitle "CBM 150 Extra"]
[Source "ChessBase"]
[SourceDate "2012.10.19"]
[SourceVersion "1"]
[SourceVersionDate "2012.10.19"]
[SourceQuality "1"]

1. d4 Nf6 2. Nf3 e6 3. e3 b6 4. Bd3 Bb7 5. Nbd2 c5 6. 0-0 d5 7. c3 Nbd7 8. Qe2 Qc7 9. e4 dxe4 10. Nxe4 Nxe4 11. Bxe4 Bxe4 12. Qxe4 Rc8 13. Bg5 cxd4 14. cxd4 Bd6 15. Rac1 Qb8 16. Rxc8+ Qxc8 17. Rc1 Qb8 18. Qc6 f6 19. Bh4 Ke7 20. Qe4 Qa8 21. Rc6 Rc8 22. d5 Rxc6 23. dxc6 g6 24. b4 a6 25. Bg3 Be5 26. Bxe5 Nxe5 27. Nxe5 fxe5 28. a4 b5 29. axb5 axb5 30. Qxe5 Qxc6 31. Qg7+ Kd6 32. h3 Qc1+ 33. Kh2 Qf4+ 34. Kg1 Kc6 35. Qe7 Qc1+ 36. Kh2 Qf4+ 37. Kg1 Qc1+ 38. Kh2 Qf4+ 39. Kg1 Qc1+ 40. Kh2 1/2-1/2

[Event "Tatarstan-ch op"]
[Site "Kazan"]
[Date "2012.09.10"]
[Round "8"]
[White "Zaynutdinov, Iskander"]
[Black "Talov, Nikita"]
[Result "1-0"]
[WhiteElo "1994"]
[BlackElo "2080"]
[PlyCount "41"]
[EventDate "2012.09.03"]
[EventType "swiss"]
[EventRounds "9"]
[EventCountry "RUS"]
[SourceTitle "CBM 150 Extra"]
[Source "ChessBase"]
[SourceDate "2012.10.19"]
[SourceVersion "1"]
[SourceVersionDate "2012.10.19"]
[SourceQuality "1"]

1. d4 Nf6 2. Nf3 c5 3. d5 e6 4. Nc3 exd5 5. Nxd5 Nxd5 6. Qxd5 Nc6 7. e4 Be7 8. Bc4 0-0 9. 0-0 Rb8 10. Ng5 Qe8 11. Bf4 Nb4 12. Qxf7+ Rxf7 13. Bxf7+ Qxf7 14. Nxf7 Ra8 15. Nd6 Nxc2 16. Rac1 Nd4 17. Rxc5 Ne2+ 18. Kh1 Nxf4 19. Rxc8+ Rxc8 20. Nxc8 Bc5 21. Rd1 1-0

[Event "Tatarstan-ch op"]
[Site "Kazan"]
[Date "2012.09.07"]
[Round "5"]
[White "Shakirov, Rail"]
[Black "Zaynutdinov, Iskander"]
[Result "0-1"]
[WhiteElo "2110"]
[BlackElo "1994"]
[PlyCount "90"]
[EventDate "2012.09.03"]
[EventType "swiss"]
[EventRounds "9"]
[EventCountry "RUS"]
[SourceTitle "CBM 150 Extra"]
[Source "ChessBase"]
[SourceDate "2012.10.19"]
[SourceVersion "1"]
[SourceVersionDate "2012.10.19"]
[SourceQuality "1"]

1. e4 c5 2. Nf3 e6 3. c3 Nf6 4. Qc2 Qc7 5. a3 d5 6. d3 dxe4 7. dxe4 Nc6 8. Bc4 a6 9. Bg5 Be7 10. Nbd2 b5 11. Be2 Bb7 12. a4 Na7 13. e5 Nd5 14. Ne4 0-0 15. Bxe7 Nxe7 16. Neg5 Ng6 17. Bd3 Nc6 18. Bxg6 hxg6 19. Qe4 Nd4 20. Qh4 Nxf3+ 21. gxf3 Qxe5+ 22. Kf1 Rfd8 23. Re1 Qf6 24. Qg3 Rd3 25. Kg2 Rad8 26. h4 e5 27. h5 Re8 28. Rh4 Bxf3+ 29. Kh2 Bxh5 30. Re3 Rxe3 31. Qxe3 c4 32. axb5 axb5 33. Re4 Qd6 34. Qa7 Qe7 35. Qe3 f6 36. f4 Qc7 37. Nh3 Kf7 38. Kg1 exf4 39. Nxf4 Rxe4 40. Qxe4 Qe5 41. Qb7+ Kg8 42. Qc8+ Kh7 43. Ne6 Qg3+ 44. Kf1 Bf3 45. Nd4 Qg2+ 0-1

[Event "Privolzhskogo FO-ch"]
[Site "Kazan"]
[Date "2012.03.05"]
[Round "8"]
[White "Safiullin, Rafael"]
[Black "Zaynutdinov, Iskander"]
[Result "1-0"]
[WhiteElo "2264"]
[BlackElo "1994"]
[PlyCount "147"]
[EventDate "2012.02.26"]
[EventType "swiss"]
[EventRounds "9"]
[EventCountry "RUS"]
[SourceTitle "CBM 147 Extra"]
[Source "ChessBase"]
[SourceDate "2012.04.24"]
[SourceVersion "1"]
[SourceVersionDate "2012.04.24"]
[SourceQuality "1"]

1. e4 c5 2. Nf3 e6 3. d4 cxd4 4. Nxd4 Nc6 5. Nb5 d6 6. c4 a6 7. N5c3 Nf6 8. Be2 Be7 9. 0-0 b6 10. Be3 Ne5 11. f3 Ned7 12. Na3 Bb7 13. Rc1 Rc8 14. Qe1 0-0 15. Qf2 Bc6 16. Rfd1 Ra8 17. Kh1 Qb8 18. Nc2 Bd8 19. Qg3 Bc7 20. Bh6 Ne8 21. Bf4 Ndf6 22. Qh4 Qa7 23. g4 Rd8 24. g5 Nd7 25. Rg1 Ne5 26. Bxe5 dxe5 27. Rg3 Qb7 28. Rh3 h6 29. gxh6 g6 30. Qe7 Bd6 31. Qxd8 f6 32. Rd1 Bd7 33. b4 Ng7 34. Qxf8+ Bxf8 35. hxg7 Kxg7 36. a3 Be7 37. Rg3 Be8 38. h4 Qc7 39. Rdg1 Qd7 40. Rd1 Qc7 41. Rdg1 Qd7 42. Rd1 Qc7 43. Nb1 Ba4 44. Rdg1 Be8 45. Rxg6+ Bxg6 46. h5 Qd8 47. Rxg6+ Kf7 48. Kg2 Qh8 49. f4 exf4 50. Nd4 Qe8 51. Bg4 f5 52. exf5 exf5 53. Bxf5 Qa8+ 54. Nf3 Bf6 55. h6 Qe8 56. Nbd2 Qe2+ 57. Kg1 Qe3+ 58. Kg2 Qe2+ 59. Kh3 Qd1 60. h7 Qh1+ 61. Nh2 Qa1 62. Ndf3 Qc3 63. Kg4 Qb2 64. Kxf4 Qc1+ 65. Kg3 Qc3 66. Ng4 Bd4 67. Kf4 Bh8 68. Nge5+ Ke7 69. Re6+ Kd8 70. Nf7+ Kc7 71. Nxh8 Qxh8 72. Rg6 Qf8 73. Rg8 Qd6+ 74. Kg4 1-0

[Event "Privolzhskogo FO-ch"]
[Site "Kazan"]
[Date "2012.03.04"]
[Round "7"]
[White "Daminov, Oleg"]
[Black "Zaynutdinov, Iskander"]
[Result "1/2-1/2"]
[WhiteElo "2199"]
[BlackElo "1994"]
[PlyCount "83"]
[EventDate "2012.02.26"]
[EventType "swiss"]
[EventRounds "9"]
[EventCountry "RUS"]
[SourceTitle "CBM 147 Extra"]
[Source "ChessBase"]
[SourceDate "2012.04.24"]
[SourceVersion "1"]
[SourceVersionDate "2012.04.24"]
[SourceQuality "1"]

1. e4 c5 2. c3 e6 3. f4 d6 4. Nf3 Nf6 5. Be2 Be7 6. d3 a6 7. Be3 b5 8. Nbd2 Bb7 9. h3 Nh5 10. g4 Ng3 11. Rg1 Nxe2 12. Qxe2 Nc6 13. 0-0-0 b4 14. c4 Qd7 15. g5 0-0-0 16. Qf2 Qc7 17. d4 Na5 18. d5 exd5 19. exd5 f5 20. gxf6 Bxf6 21. Ng5 Bxg5 22. Rxg5 Qe7 23. Rdg1 Rde8 24. R1g3 g6 25. h4 Rhf8 26. h5 gxh5 27. Rxh5 Kb8 28. f5 Bc8 29. Qf4 Nb7 30. Rf3 Qe5 31. Qg4 Rxf5 32. Rhxf5 Bxf5 33. Rxf5 Qxe3 34. Rf7 Re7 35. Qg8+ Ka7 36. Qxh7 Rxf7 37. Qxf7 Qe1+ 38. Kc2 Kb6 39. Qd7 Qe3 40. Qc6+ Ka7 41. Qc7 Qf4 42. Qd7 1/2-1/2

[Event "Privolzhskogo FO-ch"]
[Site "Kazan"]
[Date "2012.02.29"]
[Round "3"]
[White "Zaynutdinov, Iskander"]
[Black "Bulavin, Alexander"]
[Result "0-1"]
[WhiteElo "1994"]
[BlackElo "2237"]
[PlyCount "62"]
[EventDate "2012.02.26"]
[EventType "swiss"]
[EventRounds "9"]
[EventCountry "RUS"]
[SourceTitle "CBM 147 Extra"]
[Source "ChessBase"]
[SourceDate "2012.04.24"]
[SourceVersion "1"]
[SourceVersionDate "2012.04.24"]
[SourceQuality "1"]

1. d4 Nf6 2. Nf3 e6 3. c4 Bb4+ 4. Nbd2 0-0 5. g3 d6 6. a3 Bxd2+ 7. Bxd2 Ne4 8. Qc2 Nxd2 9. Nxd2 Qf6 10. d5 exd5 11. cxd5 c6 12. dxc6 Nxc6 13. Bg2 Re8 14. e3 Bf5 15. e4 Nd4 16. Qd3 Bg4 17. f3 Bd7 18. a4 b5 19. 0-0 bxa4 20. Rfd1 Bb5 21. Qb1 Ne2+ 22. Kh1 Nxg3+ 23. hxg3 Qh6+ 24. Kg1 Qe3+ 25. Kh2 Re6 26. g4 Qf2 27. g5 Rg6 28. f4 Qxf4+ 29. Kh1 Qh4+ 30. Kg1 Qxg5 31. Kf2 Qg3+ 0-1

[Event "Privolzhskogo FO-ch"]
[Site "Kazan"]
[Date "2012.02.27"]
[Round "1"]
[White "Zaynutdinov, Iskander"]
[Black "Toropov, Pavel"]
[Result "0-1"]
[WhiteElo "1994"]
[BlackElo "2302"]
[PlyCount "116"]
[EventDate "2012.02.26"]
[EventType "swiss"]
[EventRounds "9"]
[EventCountry "RUS"]
[SourceTitle "CBM 147 Extra"]
[Source "ChessBase"]
[SourceDate "2012.04.24"]
[SourceVersion "1"]
[SourceVersionDate "2012.04.24"]
[SourceQuality "1"]

1. d4 d5 2. c4 dxc4 3. Nc3 Nf6 4. e3 e6 5. Bxc4 a6 6. a3 c5 7. Nf3 Nc6 8. dxc5 Qxd1+ 9. Nxd1 Bxc5 10. b4 Bd6 11. Bb2 b5 12. Bb3 Bb7 13. Ke2 a5 14. Bxf6 gxf6 15. Nc3 Ba6 16. Ne4 Be7 17. Nd4 Nxd4+ 18. exd4 Bb7 19. f3 axb4 20. axb4 Bxb4 21. Rxa8+ Bxa8 22. Nxf6+ Ke7 23. Ne4 Rg8 24. g3 Bxe4 25. fxe4 Bc3 26. Kd3 Rc8 27. Rc1 b4 28. Rc2 Rd8 29. d5 Rc8 30. Ke3 Kd6 31. dxe6 fxe6 32. Ra2 Rc6 33. Kd3 h6 34. Ra4 Kc5 35. Ra5+ Kb6 36. Ra2 Rd6+ 37. Ke3 e5 38. Bd5 Rf6 39. Kd3 Rf3+ 40. Ke2 Rf6 41. Ra8 Bd4 42. Rb8+ Kc5 43. Rc8+ Kb5 44. Bc4+ Kb6 45. Rb8+ Kc5 46. Rc8+ Kd6 47. Rb8 Rf2+ 48. Ke1 Rxh2 49. g4 Bc3+ 50. Kf1 Kc5 51. Bd5 Kd4 52. Kg1 Rb2 53. Rb6 Kd3 54. Rxh6 Bd4+ 55. Kh1 b3 56. g5 Rb1+ 57. Kh2 b2 58. Ba2 Ra1 0-1

[Event "Samara Polugaevsky Memorial 1st"]
[Site "Samara"]
[Date "2011.07.12"]
[Round "8"]
[White "Sadykov, Ramil"]
[Black "Zaynutdinov, Iskander"]
[Result "1-0"]
[WhiteElo "2230"]
[BlackElo "1973"]
[PlyCount "67"]
[EventDate "2011.07.05"]
[EventType "swiss"]
[EventRounds "9"]
[EventCountry "RUS"]
[SourceTitle "CBM 143 Extra"]
[Source "ChessBase"]
[SourceDate "2011.08.29"]
[SourceVersion "1"]
[SourceVersionDate "2011.08.29"]
[SourceQuality "1"]

1. e4 c5 2. Nc3 e6 3. Nf3 Nc6 4. d4 cxd4 5. Nxd4 d6 6. Be3 Nf6 7. g4 a6 8. g5 Nd7 9. f4 Qc7 10. Qd2 b5 11. Nxc6 Qxc6 12. Bg2 Bb7 13. Qd4 a5 14. a4 b4 15. Nb5 Ba6 16. 0-0 Bxb5 17. axb5 Qxb5 18. c3 Nc5 19. c4 Qb6 20. e5 dxe5 21. Qxe5 Ra6 22. Rad1 Rg8 23. f5 Bd6 24. Rxd6 Qxd6 25. Qxd6 Rxd6 26. Bxc5 Rd2 27. Bc6+ Kd8 28. fxe6 fxe6 29. Rf7 Kc8 30. Ra7 Rgd8 31. Bb6 Rd1+ 32. Kf2 R1d2+ 33. Ke3 R2d3+ 34. Ke4 1-0

[Event "Samara Polugaevsky Memorial 1st"]
[Site "Samara"]
[Date "2011.07.11"]
[Round "7"]
[White "Zaynutdinov, Iskander"]
[Black "Nemov, Anton"]
[Result "1-0"]
[WhiteElo "1973"]
[BlackElo "2128"]
[PlyCount "113"]
[EventDate "2011.07.05"]
[EventType "swiss"]
[EventRounds "9"]
[EventCountry "RUS"]
[SourceTitle "CBM 143 Extra"]
[Source "ChessBase"]
[SourceDate "2011.08.29"]
[SourceVersion "1"]
[SourceVersionDate "2011.08.29"]
[SourceQuality "1"]

1. d4 g6 2. Nf3 Bg7 3. Nbd2 Nf6 4. e4 0-0 5. c3 d6 6. Be2 Nbd7 7. 0-0 e5 8. Qc2 c5 9. dxe5 dxe5 10. Nc4 Qc7 11. Rd1 b6 12. Nd6 Ne8 13. Nxc8 Rxc8 14. Bg5 Nef6 15. Bb5 Nb8 16. a4 h6 17. Bxf6 Bxf6 18. Rd5 Kg7 19. a5 bxa5 20. Qa4 a6 21. Bc4 Nc6 22. Bxa6 Ra8 23. Bb5 Ne7 24. Rd7 Qb6 25. Rad1 Rab8 26. c4 Rb7 27. R1d6 Qa7 28. Ba6 Rxd7 29. Qxd7 Qb8 30. Rd2 Qb4 31. Qb5 Rb8 32. Qxb4 Rxb4 33. Bb5 g5 34. Ne1 Ng6 35. Nd3 Be7 36. Nxb4 axb4 37. g3 Nf8 38. Rd5 Ne6 39. Bd7 Nd4 40. Kg2 Kf6 41. Kh3 h5 42. f4 exf4 43. gxf4 gxf4 44. Rxh5 Bd6 45. Rd5 Ke7 46. e5 Bb8 47. Rxc5 f3 48. Bg4 f2 49. Kg2 Nc2 50. Rb5 Ne3+ 51. Kxf2 Nxg4+ 52. Kg3 Bxe5+ 53. Kxg4 Bxh2 54. Rxb4 Kd6 55. Rb5 Be5 56. Rxe5 Kxe5 57. Kf3 1-0

[Event "Samara Polugaevsky Memorial 1st"]
[Site "Samara"]
[Date "2011.07.10"]
[Round "6"]
[White "Litvinov, Maxim"]
[Black "Zaynutdinov, Iskander"]
[Result "0-1"]
[WhiteElo "1753"]
[BlackElo "1973"]
[PlyCount "88"]
[EventDate "2011.07.05"]
[EventType "swiss"]
[EventRounds "9"]
[EventCountry "RUS"]
[SourceTitle "CBM 143 Extra"]
[Source "ChessBase"]
[SourceDate "2011.08.29"]
[SourceVersion "1"]
[SourceVersionDate "2011.08.29"]
[SourceQuality "1"]

1. d4 Nf6 2. Nf3 e6 3. Bf4 d5 4. e3 c5 5. c3 Nc6 6. Nbd2 Bd6 7. Bxd6 Qxd6 8. Bb5 0-0 9. 0-0 a6 10. Bxc6 Qxc6 11. Ne5 Qc7 12. a4 b6 13. a5 cxd4 14. exd4 bxa5 15. Nb3 Rb8 16. Qc2 Qb6 17. Nc5 Qxb2 18. Qxb2 Rxb2 19. Rxa5 Rc2 20. Ra3 Ne4 21. Nxe4 dxe4 22. Re1 Bb7 23. Nd7 Ra8 24. Nc5 Bd5 25. h4 f5 26. g3 Kf7 27. Rxa6 Rxa6 28. Nxa6 Rxc3 29. Nc5 e5 30. Na4 Rc4 31. Nb6 Rxd4 32. Nd7 Ke6 33. Nf8+ Ke7 34. Nxh7 f4 35. Ng5 Kf6 36. Nh3 Kf5 37. gxf4 exf4 38. Kh2 Rd2 39. Kg1 Kg4 40. Ng5 Rd4 41. Kh2 Kxh4 42. Rg1 Rd2 43. Nh3 e3 44. Rxg7 Rxf2+ 0-1

[Event "Samara Polugaevsky Memorial 1st"]
[Site "Samara"]
[Date "2011.07.09"]
[Round "5"]
[White "Zaynutdinov, Iskander"]
[Black "Hudyakov, Sergey"]
[Result "0-1"]
[WhiteElo "1973"]
[BlackElo "2179"]
[PlyCount "84"]
[EventDate "2011.07.05"]
[EventType "swiss"]
[EventRounds "9"]
[EventCountry "RUS"]
[SourceTitle "CBM 143 Extra"]
[Source "ChessBase"]
[SourceDate "2011.08.29"]
[SourceVersion "1"]
[SourceVersionDate "2011.08.29"]
[SourceQuality "1"]

1. d4 d5 2. c4 c6 3. Nf3 Nf6 4. Qc2 g6 5. Nbd2 Bg7 6. b4 0-0 7. a4 Bf5 8. Qb3 dxc4 9. Nxc4 Be6 10. Qc2 Na6 11. Bd2 Qd5 12. e3 Ne4 13. Na5 Bf5 14. Qb2 c5 15. bxc5 Nexc5 16. Bc4 Nd3+ 17. Bxd3 Bxd3 18. Qxb7 Qf5 19. Nc6 Qg4 20. Ra3 Rab8 21. Nxb8 Rxb8 22. Qc6 Be4 23. Qxa6 Rb1+ 24. Ke2 Rxh1 25. Bb4 Bf8 26. Kd2 Qxg2 27. Ne5 Qg1 28. Nd3 Qb1 29. Qc4 Bxd3 30. Rxd3 Rd1+ 31. Ke2 Rxd3 32. Qxd3 Qxb4 33. Qa6 Qb6 34. Qxb6 axb6 35. Kd3 e6 36. Kc4 Be7 37. Kb5 Bd8 38. Kc6 f5 39. f3 Kf7 40. Kd7 Bf6 41. Kc7 f4 42. exf4 Bxd4 0-1

[Event "Samara Polugaevsky Memorial 1st"]
[Site "Samara"]
[Date "2011.07.07"]
[Round "3"]
[White "Zaynutdinov, Iskander"]
[Black "Liberman, Evgeny"]
[Result "0-1"]
[WhiteElo "1973"]
[BlackElo "2259"]
[PlyCount "72"]
[EventDate "2011.07.05"]
[EventType "swiss"]
[EventRounds "9"]
[EventCountry "RUS"]
[SourceTitle "CBM 143 Extra"]
[Source "ChessBase"]
[SourceDate "2011.08.29"]
[SourceVersion "1"]
[SourceVersionDate "2011.08.29"]
[SourceQuality "1"]

1. d4 Nf6 2. Nf3 d6 3. Nbd2 g6 4. e4 Bg7 5. c3 Nbd7 6. Be2 0-0 7. 0-0 c5 8. Qc2 Qc7 9. a4 a6 10. a5 cxd4 11. Nxd4 d5 12. exd5 Nxd5 13. N2b3 e5 14. Nf3 f5 15. c4 N7f6 16. Nxe5 Qxe5 17. cxd5 Nxd5 18. Bc4 Kh8 19. Bd2 Qc7 20. Rac1 Nf6 21. Bc3 Bd7 22. Rfe1 Ba4 23. Be5 Qe7 24. Qc3 Rac8 25. Nd4 Bb5 26. Qb3 Bxc4 27. Rxc4 Rxc4 28. Qxc4 Re8 29. f4 Ne4 30. Bxg7+ Qxg7 31. b4 Qd7 32. Nf3 Rd8 33. Ne5 Qd2 34. Qc1 Qd4+ 35. Kh1 Nf2+ 36. Kg1 Nh3+ 0-1

[Event "Privolzhskogo FO-ch"]
[Site "Togliatti"]
[Date "2011.03.11"]
[Round "2"]
[White "Korchmar, Vasiliy"]
[Black "Zaynutdinov, Iskander"]
[Result "1/2-1/2"]
[WhiteElo "2232"]
[BlackElo "2002"]
[PlyCount "72"]
[EventDate "2011.03.10"]
[EventType "swiss"]
[EventRounds "9"]
[EventCountry "RUS"]
[SourceTitle "CBM 141 Extra"]
[Source "ChessBase"]
[SourceDate "2011.05.03"]
[SourceVersion "1"]
[SourceVersionDate "2011.05.03"]
[SourceQuality "1"]

1. e4 e5 2. Nf3 Nc6 3. d4 exd4 4. Nxd4 Nf6 5. Nxc6 bxc6 6. e5 Qe7 7. Qe2 Nd5 8. c4 Nb6 9. Nc3 d5 10. exd6 Qxe2+ 11. Bxe2 cxd6 12. Bf4 Be6 13. c5 dxc5 14. Ba6 Bc8 15. Bxc8 Rxc8 16. 0-0-0 f6 17. Rhe1+ Kf7 18. Ne4 Nd5 19. Bd6 Rd8 20. Bxf8 Rhxf8 21. Nxc5 Rfe8 22. Nb7 Rd7 23. Rxe8 Kxe8 24. Re1+ Re7 25. Rxe7+ Kxe7 26. Kd2 Ke6 27. g3 g5 28. a3 Nb6 29. Kd3 Kd5 30. b3 Nd7 31. f4 gxf4 32. gxf4 f5 33. h3 Nf6 34. Ke3 Ne4 35. Na5 c5 36. Nc4 Nd6 1/2-1/2

[Event "Izhevsk op-A"]
[Site "Izhevsk"]
[Date "2010.07.21"]
[Round "7"]
[White "Morozkin, Nikita"]
[Black "Zaynutdinov, Iskander"]
[Result "0-1"]
[WhiteElo "2124"]
[BlackElo "1998"]
[PlyCount "102"]
[EventDate "2010.07.15"]
[EventType "swiss"]
[EventRounds "9"]
[EventCountry "RUS"]
[SourceTitle "CBM 137 Extra"]
[Source "ChessBase"]
[SourceDate "2010.09.01"]
[SourceVersion "1"]
[SourceVersionDate "2010.09.01"]
[SourceQuality "1"]

1. Nf3 Nf6 2. c4 e6 3. b3 d5 4. e3 Be7 5. Bb2 0-0 6. Be2 c5 7. 0-0 b6 8. d4 Bb7 9. cxd5 Nxd5 10. a3 Nd7 11. Nc3 N7f6 12. dxc5 Bxc5 13. b4 Be7 14. Qb3 Rc8 15. Rfd1 Qc7 16. Nb5 Qc2 17. Qxc2 Rxc2 18. Rd2 Rfc8 19. Bd3 Rxd2 20. Nxd2 a6 21. Nd4 b5 22. N2b3 Nb6 23. Na5 Na4 24. Nxb7 Nxb2 25. Be2 e5 26. Nf5 Bf8 27. Nc5 g6 28. Ng3 Bxc5 29. Rc1 Nd7 30. Ne4 Na4 31. Bd1 f5 32. Bxa4 fxe4 33. Bb3+ Kf8 34. Bd5 Rc7 35. bxc5 Rxc5 36. Rxc5 Nxc5 37. Kf1 Ke7 38. Ke2 Kd6 39. Bg8 h6 40. Kd2 a5 41. Kc3 Nd3 42. Bh7 g5 43. f4 exf4 44. exf4 Nxf4 45. Bxe4 Kc5 46. g3 Nd5+ 47. Kd2 Nb6 48. Kc2 Nc4 49. a4 bxa4 50. h4 gxh4 51. gxh4 a3 0-1

[Event "Izhevsk op-A"]
[Site "Izhevsk"]
[Date "2010.07.20"]
[Round "6"]
[White "Zaynutdinov, Iskander"]
[Black "Shurunov, Arseny"]
[Result "0-1"]
[WhiteElo "1998"]
[BlackElo "2149"]
[PlyCount "134"]
[EventDate "2010.07.15"]
[EventType "swiss"]
[EventRounds "9"]
[EventCountry "RUS"]
[SourceTitle "CBM 137 Extra"]
[Source "ChessBase"]
[SourceDate "2010.09.01"]
[SourceVersion "1"]
[SourceVersionDate "2010.09.01"]
[SourceQuality "1"]

1. d4 Nf6 2. Nf3 e6 3. c4 c5 4. d5 exd5 5. cxd5 d6 6. Nc3 g6 7. e4 Bg7 8. h3 0-0 9. Bd3 a6 10. a4 Re8 11. 0-0 Qc7 12. Nd2 Nbd7 13. Nc4 Nb6 14. Nxb6 Qxb6 15. a5 Qc7 16. Qb3 Bd7 17. Re1 Rac8 18. Bc4 h6 19. Bf4 Nh5 20. Bh2 Be5 21. Bxe5 Rxe5 22. Qc2 Qd8 23. Qd2 Qh4 24. Bf1 Kg7 25. Kh2 Qg5 26. Qxg5 hxg5 27. Re3 Rce8 28. Rae1 f5 29. exf5 Rxe3 30. f6+ Kxf6 31. Rxe3 Rxe3 32. fxe3 Ke5 33. g4 Nf6 34. Bd3 Be8 35. e4 Kd4 36. Bb1 Ke3 37. Kg3 Bf7 38. h4 Nd7 39. hxg5 Ne5 40. Na4 Be8 41. Nb6 Bd7 42. b3 Kd4 43. Kf4 Bxg4 44. Nc4 Nxc4 45. bxc4 Be2 46. e5 dxe5+ 47. Kg3 Bxc4 48. d6 Be6 49. Bxg6 Kd5 50. Kf3 Kxd6 51. Be4 Kc7 52. Ke3 b6 53. axb6+ Kxb6 54. Kd3 c4+ 55. Kc3 Kc5 56. g6 a5 57. g7 Bg8 58. Bc2 Kb5 59. Bb1 a4 60. Bc2 a3 61. Bb1 Kc5 62. Ba2 e4 63. Bb1 e3 64. Ba2 e2 65. Kd2 c3+ 66. Kxe2 Bxa2 67. Kd3 Kb4 0-1

[Event "Izhevsk op-A"]
[Site "Izhevsk"]
[Date "2010.07.17"]
[Round "3"]
[White "Lykov, Sergey"]
[Black "Zaynutdinov, Iskander"]
[Result "1-0"]
[WhiteElo "2223"]
[BlackElo "1998"]
[PlyCount "65"]
[EventDate "2010.07.15"]
[EventType "swiss"]
[EventRounds "9"]
[EventCountry "RUS"]
[SourceTitle "CBM 137 Extra"]
[Source "ChessBase"]
[SourceDate "2010.09.01"]
[SourceVersion "1"]
[SourceVersionDate "2010.09.01"]
[SourceQuality "1"]

1. c4 e5 2. Nc3 d6 3. g3 g6 4. Bg2 Bg7 5. d3 Ne7 6. Nf3 0-0 7. 0-0 c6 8. Rb1 Nd7 9. e4 f5 10. b4 Nf6 11. c5 d5 12. exf5 e4 13. dxe4 dxe4 14. Qb3+ Ned5 15. Ng5 gxf5 16. f3 Kh8 17. Nxd5 cxd5 18. Bb2 Qe7 19. Nh3 Be6 20. Nf4 Bf7 21. Bd4 Rad8 22. Rbd1 Qd7 23. Qb2 Qe7 24. Bh3 Bg6 25. Rfe1 Rd7 26. a4 Rfd8 27. b5 Ne8 28. a5 Kg8 29. Bf1 Kf7 30. fxe4 fxe4 31. Bh3 Qxc5 32. Be6+ Ke7 33. Bxc5+ 1-0

[Event "Nezhmetdinov Memorial 32nd"]
[Site "Kazan"]
[Date "2010.06.07"]
[Round "8"]
[White "Zaynutdinov, Iskander"]
[Black "Talov, Nikita"]
[Result "1-0"]
[WhiteElo "1986"]
[BlackElo "2087"]
[PlyCount "83"]
[EventDate "2010.05.31"]
[EventType "swiss"]
[EventRounds "9"]
[EventCountry "RUS"]
[SourceTitle "CBM 136 Extra"]
[Source "ChessBase"]
[SourceDate "2010.07.02"]
[SourceVersion "2"]
[SourceVersionDate "2010.07.15"]
[SourceQuality "1"]

1. d4 c5 2. d5 e5 3. c4 d6 4. e4 g6 5. Nc3 Bg7 6. Nf3 Ne7 7. h4 Bg4 8. Be2 0-0 9. Nh2 Bxe2 10. Qxe2 f5 11. h5 Nd7 12. hxg6 Nxg6 13. exf5 Rxf5 14. Ne4 Nf4 15. Qf1 Qb6 16. g3 Qb4+ 17. Kd1 Nxd5 18. Qh3 Ne7 19. Nxd6 Nf6 20. Ke2 Rd8 21. Rd1 Rxd6 22. Rxd6 Qxc4+ 23. Kd1 Ne4 24. Rd8+ Kf7 25. Be3 Nxf2+ 26. Bxf2 Rxf2 27. Rd2 Rxd2+ 28. Kxd2 Qd4+ 29. Ke1 Qxb2 30. Rd1 Qb6 31. Qxh7 c4 32. Qe4 Qg1+ 33. Nf1 b5 34. Qf3+ Bf6 35. Rd6 Ng8 36. Qd5+ Kf8 37. Qxb5 c3 38. Qc4 e4 39. Qxe4 Qc5 40. Rc6 Qg5 41. Qf4 Qd5 42. Qd6+ 1-0

[Event "Nabereznye Chelny op 8th"]
[Site "Nabereznye Chelny"]
[Date "2010.01.25"]
[Round "7"]
[White "Talipov, Nafis"]
[Black "Zaynutdinov, Iskander"]
[Result "0-1"]
[WhiteElo "2051"]
[BlackElo "1986"]
[PlyCount "62"]
[EventDate "2010.01.19"]
[EventType "swiss"]
[EventRounds "9"]
[EventCountry "RUS"]
[SourceTitle "CBM 134 Extra"]
[Source "ChessBase"]
[SourceDate "2010.03.03"]
[SourceVersion "1"]
[SourceVersionDate "2010.03.03"]
[SourceQuality "1"]

1. e4 e5 2. Nf3 Nc6 3. Bb5 a6 4. Ba4 Nf6 5. 0-0 b5 6. Bb3 Bb7 7. c3 Nxe4 8. Re1 Nf6 9. Nxe5 Nxe5 10. Rxe5+ Be7 11. Qe1 0-0 12. Rxe7 Qxe7 13. Qxe7 Rae8 14. Qxe8 Rxe8 15. Kf1 Be4 16. f3 Bd3+ 17. Kf2 Re2+ 18. Kg3 Nh5+ 19. Kg4 g6 20. f4 Be4 21. g3 Kg7 22. f5 Rxh2 23. f6+ Kxf6 24. d3 Bg2 25. Bh6 Rh3 26. Bd1 Rxg3+ 27. Kh4 Rh3+ 28. Kg4 Ke7 29. Nd2 f5+ 30. Kg5 Rg3+ 31. Kh4 Kf6 0-1

[Event "Tatarstan-ch op"]
[Site "Kazan"]
[Date "2009.08.23"]
[Round "4"]
[White "Gorozhankina, Julia"]
[Black "Zaynutdinov, Iskander"]
[Result "1-0"]
[WhiteElo "2079"]
[BlackElo "1952"]
[PlyCount "135"]
[EventDate "2009.08.20"]
[EventType "swiss"]
[EventRounds "9"]
[EventCountry "RUS"]
[SourceTitle "EXT 2010"]
[Source "ChessBase"]
[SourceDate "2010.11.25"]
[SourceVersion "1"]
[SourceVersionDate "2010.11.25"]
[SourceQuality "1"]

1. e4 d6 2. d4 Nf6 3. Nc3 e5 4. Nf3 Nbd7 5. Bc4 Be7 6. 0-0 0-0 7. Re1 c6 8. a4 b6 9. Ba2 Bb7 10. Nh4 Nxe4 11. Nxe4 Bxh4 12. dxe5 dxe5 13. Qg4 Bc8 14. Bh6 Bf6 15. Rad1 Kh8 16. Be3 Be7 17. Qh5 f5 18. Ng5 Bxg5 19. Bxg5 Qe8 20. Qxe8 Rxe8 21. Rd6 h6 22. Bh4 Nc5 23. Bf7 Rf8 24. Bg6 Ne4 25. Rxc6 Bd7 26. Rc7 Bxa4 27. Be7 Rfc8 28. Rxc8+ Rxc8 29. f3 Nf6 30. Bxf5 Rc7 31. Bd8 Rc5 32. b3 Bd7 33. Bd3 Be6 34. Be7 Rc7 35. Bd6 Rd7 36. Bxe5 Bf7 37. Rd1 Nd5 38. Bc4 Kg8 39. Kf2 Kf8 40. Bb8 a5 41. Bb5 Rd8 42. Be5 Rc8 43. Bd3 Nb4 44. Bf5 Re8 45. Bd6+ Kg8 46. Bxb4 axb4 47. Rd4 g6 48. Be4 Re6 49. Rxb4 Rd6 50. Ke3 Kg7 51. Rd4 Rf6 52. Rd7 Kf8 53. Rc7 Rd6 54. Rc6 Rxc6 55. Bxc6 Ke7 56. Kd4 Kd6 57. Be4 b5 58. Bd3 b4 59. Bc4 Be8 60. h4 g5 61. hxg5 hxg5 62. Bd3 Bf7 63. Bf5 Bd5 64. Be4 Bf7 65. g3 Be6 66. f4 gxf4 67. gxf4 Bf7 68. Bd3 1-0

[Event "Tatarstan-ch op"]
[Site "Kazan"]
[Date "2009.08.21"]
[Round "2"]
[White "Dimukhametov, Artur"]
[Black "Zaynutdinov, Iskander"]
[Result "1-0"]
[WhiteElo "2260"]
[BlackElo "1952"]
[PlyCount "97"]
[EventDate "2009.08.20"]
[EventType "swiss"]
[EventRounds "9"]
[EventCountry "RUS"]
[SourceTitle "EXT 2010"]
[Source "ChessBase"]
[SourceDate "2010.11.25"]
[SourceVersion "1"]
[SourceVersionDate "2010.11.25"]
[SourceQuality "1"]

1. d4 Nf6 2. c4 e6 3. Nf3 b6 4. g3 Ba6 5. Qc2 c5 6. d5 exd5 7. cxd5 Be7 8. Bg2 d6 9. 0-0 0-0 10. Rd1 Nbd7 11. e4 Rb8 12. Nc3 b5 13. e5 Ne8 14. e6 fxe6 15. dxe6 Ndf6 16. Ne5 Qc7 17. Nc6 Rb6 18. a4 bxa4 19. Nxe7+ Qxe7 20. Nxa4 Rb8 21. Nxc5 Bc8 22. Bf4 Rb5 23. Nd7 Bxd7 24. exd7 Qxd7 25. Bc6 Rxb2 26. Qxb2 Qxc6 27. Qb3+ Kh8 28. Rxa7 Qc5 29. Rf7 Rxf7 30. Qxf7 d5 31. Re1 h6 32. Rxe8+ Nxe8 33. Qxe8+ Kh7 34. Qe3 Qc6 35. Be5 Qe6 36. Bd4 Qf5 37. Qe5 Qf7 38. Kg2 Kg8 39. g4 Kh8 40. Qf5 Qb7 41. Kg3 Qb3+ 42. f3 Qb7 43. h4 Kg8 44. Qe6+ Kh7 45. Be5 Qa7 46. Qf5+ Kg8 47. Qc8+ Kh7 48. Qc7 Qxc7 49. Bxc7 1-0